000 00451cam a22001577a 4500
008 180718b1999 xxu||||| |||| 00| 0 eng d
020 _a8122005438
082 _aN400 Sh42
100 _aShekhar, Rajendra
245 _aNot a licence to kill: police needs paradigm-shift
_cby Rajendra Shekhar
260 _aDelhi
_bKonark
_c1999
300 _a298p.
650 _aPolice administration
650 _aPolice - Management
650 _aPolice - Attitudes
999 _c388491
_d388491